|
|
|
|
| LEADER |
00973nam a2200277 a 4500 |
| 001 |
13450510 |
| 008 |
100324s2005 maua b 001 0 eng d |
| 010 |
|
|
|a \\2004100112
|
| 020 |
|
|
|a 9780072965032
|
| 020 |
|
|
|a 0072965037
|
| 020 |
|
|
|a 9780073017839
|
| 020 |
|
|
|a 0073017833
|
| 040 |
|
|
|a DLC
|c DLC
|d BD-DhAAL
|
| 082 |
0 |
0 |
|a 150
|2 21
|
| 100 |
1 |
|
|a Feldman, Robert S.
|q (Robert Stephen),
|d 1947-
|
| 245 |
1 |
0 |
|a Essentials of understanding psychology /
|c Robert S. Feldman.
|
| 250 |
|
|
|a 6th ed.
|
| 260 |
|
|
|a Boston :
|b McGraw-Hill,
|c c2005.
|
| 300 |
|
|
|a 1 v. (various pagings) :
|b ill. (some col.) ;
|c 28 cm.
|
| 504 |
|
|
|a Includes bibliographical references and indexes.
|
| 541 |
1 |
|
|e 00017514
|
| 650 |
|
0 |
|a Psychology
|v Textbooks.
|
| 852 |
4 |
|
|a Ayesha Abed Library
|j General Shelf
|
| 942 |
0 |
0 |
|0 1
|
| 999 |
|
|
|c 7864
|d 7864
|
| 952 |
|
|
|0 0
|1 0
|2 ddc
|4 0
|6 150_FEL_200500000000000
|7 0
|9 8792
|a BRACUL
|b BRACUL
|c GEN
|d 2010-03-24
|l 14
|m 84
|o 150 FEL
|p 3010017514
|r 2026-01-05
|s 2025-10-22
|t 1
|w 2010-03-24
|y BK
|